Top 30 Lil Uzi Vert Songs - Statistics

General Stats
  • This quiz has been taken 4 times
  • The average score is 9 of 30
Answer Stats
# Song Rating % Correct
6. Do What I Want 88
75%
1. 20 Min 97
50%
16. 7AM 84
50%
13. Baby Pluto 85
50%
7. Erase Your Social 88
50%
28. Homecoming 81
50%
4. Money Longer 89
50%
3. Myron 89
50%
9. Neon Guts 87
50%
12. Ps & Qs 86
50%
5. The Way Life Goes 89
50%
26. Top 82
50%
2. XO Tour Llif3 96
50%
27. You Was Right 81
50%
10. Bean (Kobe) 86
25%
23. Canadian Goose 82
25%
14. Futsal Shuffle 2020 85
25%
25. Lo Mein 82
25%
17. Paradise 84
25%
19. Sauce It Up 83
25%
18. Strawberry Peels 84
25%
11. Yessirskiii 86
25%
15. Boring shit 85
0%
30. Enemies 81
0%
29. FINAL FANTASY 81
0%
21. Flooded The Face 83
0%
8. LUV SCARS K.o 1600 88
0%
22. Of Course We Ghetto Flowers 83
0%
20. Prices 83
0%
24. Silly Watch 82
0%
No matching quizzes found
Score Distribution
Percent of People with Each Score
Percentile by Number Answered
Your Score History
You have not taken this quiz